000 00874cam a22002054a 4500
005 20250605164134.0
008 250528s ||||||||||||||||||||||||d
035 _a18664
020 _a226318850
040 _aGR-AtMCL
_bgre
_dGR-AtMCL
_eAACR2
245 1 _aFrom Reverence to Rape / The Treatment of Women in the Movies
250 _a2nd
260 _bThe University Of Chicago Press,
_c1987
300 _a430
520 _aFrom Reverence to Rape is an incisive, exceedingly thoughtful look at the distorted lens through which Hollywood has historically viewed women. Preface, Acknowledgements, Introduction, The Big Lie, The Twenties, The Thirties, The Woman's Film, The Forties, The Fifties, The Europeans, The Sixties, 1974-1987: The Age of Ambivalence, Index.
700 1 _aHaskell Molly
_94933
942 _cBK
999 _c4009
_d4009